|
|
|
|
| LEADER |
00904cam a2200229 7i4500 |
| 001 |
0000018517 |
| 005 |
20171109090000.0 |
| 008 |
071029 eng |
| 020 |
|
|
|a 0130869430 (pbk.)
|
| 090 |
0 |
0 |
|a TP248.3
|b .S58 1992
|
| 100 |
1 |
|
|a Shuler, Michael L
|
| 245 |
1 |
0 |
|a Bioprocess engineering :
|b basic concepts
|c Michael L. Shuler, Fikret Kargi.
|
| 250 |
|
|
|a Prentice Hall international ed.
|
| 260 |
|
|
|a Englewood Cliffs, N. J.:
|b Prentice Hall,
|c 1992.
|
| 300 |
|
|
|a xvi, 479 p.:
|b ill.;
|c 25 cm.
|
| 490 |
0 |
|
|a Prentice Hall international series in the physical and chemical engineering sciences
|
| 504 |
|
|
|a Includes bibliographical references and index
|
| 650 |
0 |
0 |
|a Biochemical engineering
|
| 650 |
0 |
0 |
|a Biotechnology
|
| 700 |
1 |
|
|a Kargi, Fikret
|
| 997 |
|
|
|a Engineering & Life Sciences, Faculty
|b Engineering, Department
|
| 999 |
|
|
|a 0000028297
|b BOK
|c OPEN SHELF
|e 2nd Floor, Bestari Jaya
|